Mind mirrors (Record no. 3794)
[ view plain ]
| 000 -LEADER | |
|---|---|
| fixed length control field | 00383nam a22001457a 4500 |
| 008 - FIXED-LENGTH DATA ELEMENTS--GENERAL INFORMATION | |
| fixed length control field | 250605b |||||||| |||| 00| 0 eng d |
| 020 ## - INTERNATIONAL STANDARD BOOK NUMBER | |
| ISBN | 978978316534 |
| 100 ## - MAIN ENTRY--AUTHOR | |
| Author | Abiodun Lilian Olaitan |
| 245 ## - TITLE STATEMENT | |
| Title | Mind mirrors |
| 260 ## - PUBLICATION, DISTRIBUTION, ETC. (IMPRINT) | |
| Place of publication | Abuja |
| Name of publisher | Caltop publications (Nigeria) limited |
| Date of publication | 2022 |
| 300 ## - COLLATION | |
| Pagination | 78p |
| 650 ## - TRACINGS | |
| Main Subject | Mother and sons fiction |
| 942 ## - ADDED ENTRY ELEMENTS (KOHA) | |
| Item type | Books |
| 050 ## - LIBRARY OF CONGRESS CALL NUMBER | |
| Classification number | PR 6112 |
| Item number | .A 25 |
| Source of classification or shelving scheme | Not for loan | Permanent location | Current location | Date acquired | Accession No. | Full call number | Barcode. | Koha item type |
|---|---|---|---|---|---|---|---|---|
| Library of Congress Classification | Samuel Ogbemudia Main Library, University of Abuja | Samuel Ogbemudia Main Library, University of Abuja | 06/05/2025 | 2023/61182-7 | PR 6112.A 25 | 2025-2394 | Books | |
| Library of Congress Classification | Samuel Ogbemudia Main Library, University of Abuja | Samuel Ogbemudia Main Library, University of Abuja | 06/05/2025 | 2023/61182-7 | PR 6112.A 25 | 2025-2395 | Books | |
| Library of Congress Classification | Samuel Ogbemudia Main Library, University of Abuja | Samuel Ogbemudia Main Library, University of Abuja | 06/05/2025 | 2023/61182-7 | PR 6112.A 25 | 2025-2396 | Books | |
| Library of Congress Classification | Samuel Ogbemudia Main Library, University of Abuja | Samuel Ogbemudia Main Library, University of Abuja | 06/05/2025 | 2023/61182-7 | PR 6112.A 25 | 2025-2397 | Books | |
| Library of Congress Classification | Samuel Ogbemudia Main Library, University of Abuja | Samuel Ogbemudia Main Library, University of Abuja | 06/05/2025 | 2023/61182-7 | PR 6112.A 25 | 2025-2398 | Books | |
| Library of Congress Classification | Samuel Ogbemudia Main Library, University of Abuja | Samuel Ogbemudia Main Library, University of Abuja | 06/05/2025 | 2023/61182-7 | PR 6112.A 25 | 2025-2399 | Books | |
| Library of Congress Classification | Samuel Ogbemudia Main Library, University of Abuja | Samuel Ogbemudia Main Library, University of Abuja | 06/05/2025 | 2023/61182-7 | PR 6112.A 25 | 2025-2400 | Books | |
| Library of Congress Classification | Samuel Ogbemudia Main Library, University of Abuja | Samuel Ogbemudia Main Library, University of Abuja | 06/05/2025 | 2023/61182-7 | PR 6112.A 25 | 2025-2401 | Books |